Statystyki dla Kluby Ligue 1 w sezonie 2020/2021

Kliknij tutaj aby rozwiązać quiz!

Ogólne statystyki

  • Ten quiz został rozwiązany 35 razy
  • Średni wynik to 11 z 20

Statystyki odpowiedzi

HintOdpowiedź% Poprawnych
1Psg
100%
3Monaco
88%
2Lyon
82%
4Marsylia
82%
5Lille
70%
15Montpellier
58%
12Rennes
55%
6Lorient
48%
13Nantes
48%
10Nice
48%
16Saint Etienne
48%
19Strasbourg
48%
14Bordeaux
45%
11Reims
45%
20Lens
42%
18Dijon
36%
17Brest
33%
7Metz
33%
9Angers
30%
8Nimes
15%

Rozkład punktacji

Percentyl według liczby udzielonych odpowiedzi

Procent ludzi z każdym wynikiem

Twoja historia wyników

Nie rozwiązałeś tego quizu